Quiz das Seleções que ganharam a Eurocopa - Statistics

Estatísticas Gerais
  • Esse quiz foi jogado 111 vezes
  • A pontuação média é 14 de 17
Estatísticas das Respostas
Ano Seleção % Correto
1968 Itália
100%
2020 Itália
100%
1996 Alemanha
99%
1964 Espanha
99%
2008 Espanha
99%
2012 Espanha
99%
2024 Espanha
99%
2016 Portugal
99%
1984 França
96%
2000 França
96%
2004 Grécia
90%
1992 Dinamarca
89%
1988 Países Baixos
89%
1960 União Sovietica
71%
1972 Alemanha Ocidental
37%
1980 Alemanha Ocidental
37%
1976 Chevoslováquia
1%
Nenhum quiz correspondente encontrado
Distribuição das Pontuações
Porcentagem de Pessoas com Cada Pontuação
Percentil de Números Respondidos
Sua Pontuação Histórica
Você não jogou esse quiz